000 00616 a2200193 4500
003 Nust
005 20221011161724.0
010 _a 77021208
020 _a0716701871
040 _cNust
082 0 0 _a541.3,ATK
100 1 _aAtkins, P. W.
_999953
245 1 0 _aPhysical chemistry /
_cP. W. Atkins ; foreword by John P. Simons.
260 _aSan Francisco :
_bW. H. Freeman,
_cc1978.
300 _axviii, 1018 p. :
_bill. ;
_c24 cm.
505 _aPart 1: Equilibrium (Page-29), Part 2: Structure (Page-377), Part 3: Change (Page-789),
650 0 _aChemistry, Physical and theoretical.
_91241
942 _2ddc
_cBK
999 _c183436
_d183436